Les scènes de courses poursuites en 30 clics - Statistiques

Statistiques générales
  • Ce quiz a été pris 49 fois
  • Le résultat moyen est 17 sur 30
Statistiques - réponses
Hint Réponse % Correct
The Dark Knight - Le Chevalier noir
91%
Fast and Furious
88%
Mission impossible 2
88%
Matrix Reloaded
84%
Mr. & Mrs. Smith
81%
Taxi
81%
John Wick (3) Parabellum
79%
I, Robot
74%
Les Blues Brothers
74%
Le Transporteur
74%
Retour vers le futur
74%
Starsky & Hutch
74%
Speed
65%
Drive
63%
Heat
56%
Jack Reacher
56%
Cours après moi shérif (Smokey and the Bandit)
53%
Speed Racer
51%
60 secondes chrono
49%
L'Arme fatale 3
49%
Course à la mort (Death Race)
42%
Boulevard de la mort
40%
La Mémoire dans la peau
40%
Le Flic de Beverly Hills
35%
Duel
33%
Jeepers Creepers
30%
Hooker
28%
Bullitt
23%
Le casse
16%
Driver
12%
Aucun quiz correspondant
Distribution des résultats
% des personnes avec chaque résultat
Percentile par nombre de réponses
Votre historique - résultats
Vous n’avez pas pris ce quiz